Výťažok pri výrobe buničiny z rôznych typov drevín

Gespeichert in:
Bibliographische Detailangaben
1. Verfasser: Kuráňová, Dominika (Verfasst von)
Weitere Verfasser: Jablonský, Michal (Betreuung Doktorarbeit)
Format: Manuskript Buch
Sprache:Slowakisch
Veröffentlicht: 2018
Schlagworte:
Online-Zugang:http://is.stuba.sk/zp/portal_zp.pl?podrobnosti=136320
Tags: Tag hinzufügen
Keine Tags, Fügen Sie das erste Tag hinzu!

MARC

LEADER 00000ntm a22000003a 4500
001 stuzp68332
003 SK-STU
005 20180602210545.5
007 ta
008 150427s2015----xo-----f-mn---000-0-slo-d
040 |a STU  |b slo 
041 0 |a slo 
100 1 |a Kuráňová, Dominika  |u 049380  |4 aut  |U FCHPT Ústav prírodných a syntetických polymérov  |T FCHPT Oddelenie dreva, celulózy a papiera  |X 65141  |U C9380  |Y 129  |7 65141 
242 0 1 |a The Yield of Pulp from Different Types of Wood  |y eng 
245 1 0 |a Výťažok pri výrobe buničiny z rôznych typov drevín 
260 |c 2018 
650 4 |a sulfátová buničina  |2 slo 
650 4 |a výťažok buničiny  |2 slo 
650 4 |a buk lesný  |2 slo 
650 4 |a breza biela  |2 slo 
650 4 |a dub letný  |2 slo 
650 4 |a hrab obyčajný  |2 slo 
650 4 |a Oak english  |2 eng 
650 4 |a sulphate pulp  |2 eng 
650 4 |a pulp yield  |2 eng 
650 4 |a Beech european  |2 eng 
650 4 |a Birch silver  |2 eng 
650 4 |a Hornbeam european  |2 eng 
700 1 |a Jablonský, Michal  |u 049380  |k Z1  |4 ths  |U FCHPT Ústav prírodných a syntetických polymérov  |T FCHPT Oddelenie dreva, celulózy a papiera  |X 4025  |U C9380  |Y 129  |7 A000004025 
856 4 |u http://is.stuba.sk/zp/portal_zp.pl?podrobnosti=136320